Statistics for Phoebe Bridgers Song Quiz

Click here to take the quiz!

General Stats

  • This quiz has been taken 954 times
  • The average score is 19 of 47

Answer Stats

Punisher% Correct
I Know the End
92%
Punisher
89%
Moon Song
88%
Kyoto
87%
Motion Sickness
87%
Garden Song
86%
DVD Menu
82%
Graceland Too
78%
Georgia
77%
ICU
77%
Smoke Signals
77%
Funeral
75%
Scott Street
75%
Chinese Satellite
74%
Halloween
74%
Savior Complex
73%
Killer
69%
Demi Moore
66%
Chelsea
61%
You Missed My Heart
61%
Would You Rather
55%
The Night We Met
44%
It'll All Work Out
30%
Dylan Thomas
27%
The Gold
27%
Chesapeake
21%
Didn't Know What I Was In For
21%
Steamroller
21%
Sleepwalkin'
20%
My City
16%
Big Black Heart
13%
Dominos
11%
Service Road
11%
7 O'Clock News / Silent Night
10%
If We Make It Through December
10%
Christmas Song
9%
Forest Lawn
8%
Walking on a String
8%
Exception to the Rule
7%
Lovin' Me
7%
Have Yourself a Merry Little Christmas
6%
Georgia Lee
5%
Prayer in Open D
3%
Until We Both Get Bored
2%
Enough For Now
1%
Shame
1%
Jesseye 'Lizabeth
0%

Score Distribution

Percentile by Number Answered

Percent of People with Each Score

Your Score History

You have not taken this quiz